00919cam a22002777a 4500001000500000005001700005020001800022040002300040050001400063082001200077100001700089245011600106250004600222260003500268300004600303490003100349505000800380520006600388521002000454521002000474650004000494650004200534700002000576700002500596700002000621292020250130113615.0 a9780439889926 aWDGcWDGdDLCbeng00aHD8039.F500a628.9251 aDaynes Katie10aFirefighters /cKatie Daynes ; designed by Katrina Fearn and Josephine Thompson ; illustrated by Christyan Fox. aFirst Scholastic printing, September 2006 aNew York :bScholastic,c 2004 a32 pages :bcolor illustrations ;c21 cm. a Usborne BeginnersvBook 1 aN  aDescribes the training, equipment, and work of a firefighter. a570 bLexile  aN bRaz-Plus  0aFire fightersvJuvenile literature. 0aFire extinctionvJuvenile literature.1 aFearn, Katrina.1 aThompson, Josephine.1 aFox, Christyan.